| 000 -LEADER |
| fixed length control field |
00505nam a22001817a 4500 |
| 008 - FIXED-LENGTH DATA ELEMENTS--GENERAL INFORMATION |
| fixed length control field |
150520b xxu||||| |||| 00| 0 eng d |
| 020 ## - INTERNATIONAL STANDARD BOOK NUMBER |
| International Standard Book Number |
9781412950176 (pbk.) |
| 020 ## - INTERNATIONAL STANDARD BOOK NUMBER |
| International Standard Book Number |
1412950171 (pbk.) |
| 041 0# - LANGUAGE CODE |
| Language code of text/sound track or separate title |
eng |
| 080 ## - UNIVERSAL DECIMAL CLASSIFICATION NUMBER |
| Universal Decimal Classification number |
123.11 |
| 245 00 - TITLE STATEMENT |
| Title |
Cases in leadership / |
| Statement of responsibility, etc |
[edited by] W. Glenn Rowe. |
| 260 ## - |
| -- |
Los Angeles : |
| -- |
SAGE Publications, |
| -- |
c2007. |
| 300 ## - |
| -- |
x, 421 p. : |
| -- |
me il. ; |
| -- |
24 cm |
| 650 #0 - |
| -- |
Udhëheqje |
| 650 #0 - |
| -- |
Studimet e rasteve |
| 700 ## - |
| -- |
Rowe, W. Glenn. |
| 942 ## - ADDED ENTRY ELEMENTS (KOHA) |
| Source of classification or shelving scheme |
|
| Item type |
Books |